Sports Quiz

Random Sports or NHL Quiz

NHL Teams That Don't Use Red or Blue Quiz Stats

 Plays Quiz Updated Jul 9, 2018

Also try: FA Cup Winners
Challenge
Share
Tweet
Embed
Score 0/6 Timer 01:00
11 Plays Today
Team % Correct
LA Kings
72.3%
Pittsburgh Penguins
67.8%
Boston Bruins
66.4%
Dallas Stars
63.6%
Anaheim Ducks
56.1%
Philadephia Flyers
51.2%

You're not logged in!

Compare scores with friends on all Sporcle quizzes.
OR
Log In

You Might Also Like...

Show Comments

Extras

Top Quizzes Today


Score Distribution

Your Account Isn't Verified!

In order to create a playlist on Sporcle, you need to verify the email address you used during registration. Go to your Sporcle Settings to finish the process.

Report this User

Report this user for behavior that violates our Community Guidelines.

Details: